000 005000000a22001810004500
020 _a0-310-35721-7
041 0 _aENG
082 0 4 _aG 261.515 C8644t
100 1 _aCosgrove, Mark P.
245 1 0 _aMental health : A christian approach / Mark P. Cosgrove, James D. Mallory, Jr
260 _aGrand Rapids, MI., USA : Zondervan
300 _a88 Pag
001 11949
942 _cBK
999 _c41001
_d41001
336 _atexto
_btxt
_2rdacontent
337 _2rdamedia
_asin mediación
_bn
338 _2rdacarrier
_avolumen
_bnc